MARC

LEADER 00000nam0a2200000 4500
001 339605
005 20231102005147.0
035 |a (RuTPU)RU\TPU\book\366131 
090 |a 339605 
100 |a 20180110d1963 km y0rusy50 ca 
101 0 |a rus 
102 |a RU 
105 |a a z 001zy 
200 1 |a Инерциальные системы навигации  |f В. С. Фролов 
210 |a Москва  |c Воениздат  |d 1963 
215 |a 126 с.  |c ил. 
320 |a Библиогр.: с. 123-124 
606 1 |a Навигация инерциальная  |x Математические методы  |2 stltpush  |3 (RuTPU)RU\TPU\subj\44701  |9 63981 
610 1 |a инерциальные системы 
610 1 |a устройство 
610 1 |a акселерометры 
610 1 |a сервоприводы 
610 1 |a гироскопы 
610 1 |a летательные аппараты 
610 1 |a подводные лодки 
610 1 |a ошибки 
610 1 |a космические корабли 
610 1 |a применение 
675 |a 629.05  |v 4 
700 1 |a Фролов  |b В. С.  |g Владимир Сергеевич 
801 1 |a RU  |b 63413507  |c 20180110 
801 2 |a RU  |b 63413507  |c 20180110  |g RCR 
942 |c BK